| 000 | 003700000a22001570004500 | ||
|---|---|---|---|
| 001 | 002924 | ||
| 003 | MACL | ||
| 040 | _aMACL | ||
| 090 |
_c14917 _d14916 |
||
| 100 | _aHugon, Helene Leroux | ||
| 245 |
_aI Can Draw Forest Animals _cHelene Leroux Hugon |
||
| 260 |
_aShloka Publications Pvt Ltd, _c2001 |
||
| 350 | _a100 | ||
| 650 | _aChildren's Book | ||
| 942 |
_k742 _cBook |
||
| 999 |
_c14831 _d14831 |
||